Diseño y construcción de alojamientos ganaderos / (Record no. 70500)

MARC details
000 -LEADER
campo de control de longitud fija 00461nam a2200145 i 4500
001 - NÚMERO DE CONTROL
campo de control 70500
003 - IDENTIFICADOR DE NÚMERO DE CONTROL
campo de control ES-MaACL
007 - CAMPO FIJO DE DESCRIPCIÓN FÍSICA--INFORMACIÓN GENERAL
campo de control de longitud fija t|
008 - DATOS DE LONGITUD FIJA--INFORMACIÓN GENERAL
campo de control de longitud fija 040727s1974 sp ||||1| spa d
100 1# - ENTRADA PRINCIPAL--NOMBRE DE PERSONA
Nombre de persona García-Vaquero Vaquero, Emilio.
9 (RLIN) 55372
245 10 - MENCIÓN DEL TÍTULO
Título Diseño y construcción de alojamientos ganaderos /
Mención de responsabilidad, etc. Emilio Gracía-Vaquero Vaquero.
260 ## - PUBLICACIÓN, DISTRIBUCIÓN, ETC.
Lugar de publicación, distribución, etc. Madrid :
Nombre del editor, distribuidor, etc. Mundi-Prensa,
Fecha de publicación, distribución, etc. 1974.
300 ## - DESCRIPCIÓN FÍSICA
Extensión 226 p. :
Otras características físicas plan., il. ;
Dimensiones 24 cm.
852 ## - LOCALIZACIÓN
Ubicación ES-MaACL
Número de control de estantería E-7500
Sublocalización o colección R.91812
Holdings
Estatus retirado Estado de pérdida Estado de daño No para préstamo Biblioteca de origen Biblioteca actual Ubicación en estantería Fecha de adquisición Fuente de adquisición Total de préstamos Signatura topográfica completa Código de barras Visto por última vez Precio de reemplazo Tipo de ítem Koha
        Biblioteca del Ateneo de Madrid Biblioteca del Ateneo de Madrid Depósito 2 17/01/2008     E-7500 1073822 23/02/2023 23/02/2023 Libro impreso